Drip, drop / (Record no. 2038)
[ view plain ]
| 000 -LEADER | |
|---|---|
| fixed length control field | 00695nam a22002417a 4500 |
| 005 - DATE AND TIME OF LATEST TRANSACTION | |
| control field | 20231101160848.0 |
| 040 ## - CATALOGING SOURCE | |
| Original cataloging agency | FISKH |
| Language of cataloging | eng |
| Transcribing agency | FISKH |
| Modifying agency | FISKH |
| 050 ## - LIBRARY OF CONGRESS CALL NUMBER | |
| Classification number | PZ8.W4125 |
| 082 ## - DEWEY DECIMAL CLASSIFICATION NUMBER | |
| Classification number | 813.54 |
| 100 ## - MAIN ENTRY--PERSONAL NAME | |
| Personal name | Weeks, Sarah |
| 245 ## - TITLE STATEMENT | |
| Title | Drip, drop / |
| Statement of responsibility, etc. | story by Sarah Weeks pictures by Jane Manning |
| 260 ## - PUBLICATION, DISTRIBUTION, ETC. | |
| Place of publication, distribution, etc. | New York: |
| Name of publisher, distributor, etc. | Scholastic, |
| Date of publication, distribution, etc. | December 2001 |
| 300 ## - PHYSICAL DESCRIPTION | |
| Extent | 32 pages : |
| Dimensions | 21 cm |
| 520 ## - SUMMARY, ETC. | |
| Summary, etc. | Pip Squeak the mouse is kept awake all night by the drips from his leaky roof. |
| 521 ## - TARGET AUDIENCE NOTE | |
| Target audience note | 280 |
| Source | Lexile |
| 521 ## - TARGET AUDIENCE NOTE | |
| Target audience note | E |
| Source | Raz-Plus |
| 650 ## - SUBJECT ADDED ENTRY--TOPICAL TERM | |
| Source of heading or term | mouse |
| 650 ## - SUBJECT ADDED ENTRY--TOPICAL TERM | |
| Source of heading or term | mice |
| 650 ## - SUBJECT ADDED ENTRY--TOPICAL TERM | |
| Source of heading or term | sleep |
| 700 ## - ADDED ENTRY--PERSONAL NAME | |
| Personal name | Manning, Jane |
| Titles and other words associated with a name | Illustrator |
| 942 ## - ADDED ENTRY ELEMENTS (KOHA) | |
| Source of classification or shelving scheme | Dewey Decimal Classification |
| Koha item type | Books |
| Suppress in OPAC | No |
| Edition | First Scholastic Printing |
| 999 ## - | |
| -- | 2038 |
| -- | 2038 |
| Withdrawn status | Lost status | Source of classification or shelving scheme | Damaged status | Not for loan | Home library | Current library | Shelving location | Date acquired | Total Checkouts | Full call number | Barcode | Date last seen | Price effective from | Koha item type |
|---|---|---|---|---|---|---|---|---|---|---|---|---|---|---|
| Dewey Decimal Classification | Footprints International School Library Network Toul Kork Campus | Footprints International School Library Network Toul Kork Campus | TK Primary Library Room(4th Floor), Bookcase 7, Shelves 57-60, Dark Green Books | 11/01/2023 | WEE 813.54 PZ8.W4125 | FISBK04263 | 11/01/2023 | 11/01/2023 | Books |
